Statystyki dla Największe miasta w województwie świętokrzyskim

Kliknij tutaj aby rozwiązać quiz!

Ogólne statystyki

  • Ten quiz został rozwiązany 499 razy
  • Średni wynik to 11 z 20

Statystyki odpowiedzi

LpPopulacjaOdpowiedź% Poprawnych
1195.774Kielce
99%
269.051Ostrowiec Świętokrzyski
90%
523.644Sandomierz
82%
445.358Skarżysko-Kamienna
79%
348.965Starachowice
78%
715.952Busko-Zdrój
68%
815.149Jędrzejów
68%
619.330Końskie
66%
1010.844Pińczów
62%
1110.043Włoszczowa
61%
146.496Opatów
60%
914.810Staszów
55%
175.579Kazimierza Wielka
44%
194.445Chęciny
39%
203.769Małogoszcz
28%
128.379Suchedniów
28%
138.120Połaniec
27%
184.599Ożarów
23%
156.484Sędziszów
21%
165.679Stąporków
20%

Rozkład punktacji

Percentyl według liczby udzielonych odpowiedzi

Procent ludzi z każdym wynikiem

Twoja historia wyników

Nie rozwiązałeś tego quizu